| 000 | 00628cam a22002411i 4500 | ||
|---|---|---|---|
| 001 | 7021069 | ||
| 003 | OSt | ||
| 005 | 20230627112407.0 | ||
| 008 | 790906s1960 nyua 001 0 eng | ||
| 010 | _a 60012634 | ||
| 035 | _a(OCoLC)5346497 | ||
| 040 |
_aDLC _cWvHuM _dDLC |
||
| 042 | _apremarc | ||
| 050 | 0 | 0 |
_aHN800.K4 _bH9 1960a |
| 082 |
_a916.762 _bHUX |
||
| 100 | 1 |
_aHuxley, Elspeth, _d1907-1997. |
|
| 245 | 1 | 2 | _aA new earth. |
| 260 |
_aNew York, _bMorrow, _c1960. |
||
| 300 |
_a288 p. _billus. _c23 cm. |
||
| 651 | 0 |
_aKenya _xRural conditions. |
|
| 906 |
_a7 _bcbc _coclcrpl _du _encip _f19 _gy-gencatlg |
||
| 942 |
_2ddc _cBK |
||
| 999 |
_c2832 _d2832 |
||